[Event "4NCL Online Division 4"]
[Site "online"]
[Date "2021.09.21"]
[EventDate "2021.09.21"]
[Round "3.44"]
[White "Gliddon, Daniel J"]
[WhiteElo "1664"]
[WhiteTeam "Wolfpack 1"]
[Black "Sanka, Amit Aryan"]
[BlackElo "1267"]
[BlackTeam "Kent KJCA Kestrels 5"]
[Result "1-0"]
[PlyCount "163"]

1. e4 e6 2. d4 c5 3. Nf3 cxd4 4. Nxd4 Nc6 5. c3 Nxd4 6. cxd4 d5 7. Bd3 dxe4 8. Bxe4 Nf6 9. Bf3 Be7 10. O-O O-O 11. Nc3 Rb8 12. Ne4 b6 13. Be3 Bb7 14. Nxf6+ Bxf6 15. Bxb7 Rxb7 16. Qd2 Rd7 17. Rad1 e5 18. d5 Rd6 19. f4 Qd7 20. fxe5 Bxe5 21. Bf4 Bxf4 22. Rxf4 Rd8 23. Rd4 Qc7 24. Rc1 Qe7 25. Re1 Qf6 26. Qe3 h6 27. Qe5 Qg6 28. Red1 Qc2 29. R4d2 Qc5+ 30. Kh1 Re6 31. Qf5 Rde8 32. Rf1 Re1 33. Qxf7+ Kh8 34. Rf2 Qb5 35. d6 Rxf1+ 36. Rxf1 Rd8 37. h3 Qc6 38. Qe7 Rxd6 39. Qf8+ Kh7 40. Qf5+ Rg6 41. Rg1 Qc4 42. Rf1 Qxa2 43. h4 Qxb2 44. Rg1 h5 45. Qxh5+ Rh6 46. Qf5+ g6 47. Qf7+ Qg7 48. Qf2 Qe7 49. g3 Qe4+ 50. Rg2 Qb1+ 51. Rg1 Qe4+ 52. Rg2 Qe5 53. Qf7+ Qg7 54. Qf2 g5 55. Qf5+ Rg6 56. h5 Qa1+ 57. Kh2 Qg7 58. hxg6+ Kg8 59. Qf7+ Qxf7 60. gxf7+ Kxf7 61. Ra2 a5 62. Rb2 a4 63. Rxb6 a3 64. Ra6 a2 65. Rxa2 Kg6 66. Kh3 Kf5 67. Ra5+ Kg6 68. Kg4 Kf6 69. Rxg5 Kf7 70. Kf5 Ke7 71. Rg6 Kf7 72. Ra6 Kg7 73. Rb6 Kf8 74. Rb7 Ke8 75. Kf6 Kd8 76. Ke6 Kc8 77. Rh7 Kd8 78. Rg7 Kc8 79. Kd6 Kb8 80. Kc6 Ka8 81. Kb6 Kb8 82. Rg8# 1-0

[Event "4NCL Online Division 4"]
[Site "online"]
[Date "2021.09.21"]
[EventDate "2021.09.21"]
[Round "3.51"]
[White "Soulier, Alfred"]
[WhiteElo "1698"]
[WhiteTeam "KCS U13A"]
[Black "MacLeod, Alasdair"]
[BlackElo "1821"]
[BlackTeam "Deaf England 1"]
[Result "1/2-1/2"]
[PlyCount "91"]

1. d4 Nf6 2. Nc3 d5 3. Bf4 c6 4. e3 Bf5 5. Nf3 e6 6. Bd3 Bxd3 7. Qxd3 Bd6 8. Bxd6 Qxd6 9. O-O-O Nbd7 10. e4 dxe4 11. Nxe4 Nxe4 12. Qxe4 Nf6 13. Qe2 O-O 14. Rdg1 a5 15. Kb1 b5 16. Qe5 Qd5 17. Qxd5 cxd5 18. Ne5 Ne4 19. Nd3 b4 20. f3 Nd2+ 21. Kc1 Nc4 22. Nc5 Rfc8 23. f4 Rc7 24. g4 Rac8 25. h4 Nd6 26. Rh2 Nb7 27. Nxb7 Rxb7 28. Kd2 Rbc7 29. Kd3 a4 30. Rc1 a3 31. c3 Rc4 32. Rhc2 axb2 33. Rxb2 bxc3 34. Rbc2 Ra8 35. Rxc3 Rxa2 36. Rxc4 dxc4+ 37. Rxc4 g6 38. Rc2 Ra1 39. Rh2 Re1 40. h5 Kg7 41. g5 gxh5 42. Rxh5 Rd1+ 43. Ke4 Re1+ 44. Kd3 Rd1+ 45. Ke4 Re1+ 46. Kd3 1/2-1/2

[Event "4NCL Online Division 4"]
[Site "online"]
[Date "2021.09.21"]
[EventDate "2021.09.21"]
[Round "3.52"]
[White "Freund, Michael P"]
[WhiteElo "1692"]
[WhiteTeam "Deaf England 1"]
[Black "Kumar, Sanjit S"]
[BlackElo "1677"]
[BlackTeam "KCS U13A"]
[Result "1/2-1/2"]
[PlyCount "136"]

1. e4 e5 2. Nf3 Nc6 3. Bb5 a6 4. Bxc6 dxc6 5. O-O Bd6 6. d4 exd4 7. Qxd4 f6 8. Be3 Ne7 9. Nbd2 Be6 10. Rad1 O-O 11. Nc4 Nc8 12. Bf4 Bxc4 13. Qxc4+ Kh8 14. e5 fxe5 15. Bxe5 Rxf3 16. gxf3 Qg5+ 17. Bg3 Nb6 18. Qe4 Nd5 19. Rfe1 h5 20. Qh4 Qxh4 21. Bxh4 Rf8 22. Bg3 Bxg3 23. hxg3 Rxf3 24. Kg2 Rf7 25. c4 Nf6 26. Rd2 b5 27. b3 Kg8 28. Re6 bxc4 29. bxc4 a5 30. Rxc6 Ne4 31. Re2 Nc3 32. Re5 a4 33. a3 Nb1 34. Ra6 Nxa3 35. Rxa4 Nc2 36. Rxh5 g6 37. Re5 Nd4 38. Ra3 Nc6 39. Re6 Ne7 40. Rae3 Kf8 41. Rxe7 Rxe7 42. Rxe7 Kxe7 43. Kf3 Kd6 44. Ke4 Kc5 45. f4 Kxc4 46. g4 Kb3 47. f5 gxf5+ 48. gxf5 c5 49. f6 c4 50. f7 c3 51. f8=Q c2 52. Qc5 Kb2 53. Qb4+ Ka2 54. Qc3 Kb1 55. Qb3+ Ka1 56. Qc4 Kb1 57. Qd3 Ka1 58. Qf1+ Kb2 59. Qf2 Kb1 60. Qb6+ Ka1 61. Qc7 Kb2 62. Qb7+ Ka2 63. Qa8+ Kb2 64. Qb8+ Ka2 65. Qc8 Kb2 66. Qh8+ Kb1 67. Qb8+ Ka1 68. Qc8 Kb1 1/2-1/2

[Event "4NCL Online Division 4"]
[Site "online"]
[Date "2021.09.21"]
[EventDate "2021.09.21"]
[Round "3.53"]
[White "Patel, Zain"]
[WhiteElo "1571"]
[WhiteTeam "KCS U13A"]
[Black "Hunter, Gary"]
[BlackElo "1465"]
[BlackTeam "Deaf England 1"]
[Result "0-1"]
[PlyCount "104"]

1. d4 d5 2. c4 e6 3. Nc3 a6 4. Nf3 Nf6 5. cxd5 exd5 6. Bg5 Be6 7. e3 Nbd7 8. Bd3 Bd6 9. O-O c6 10. Qc2 O-O 11. Bxh7+ Kh8 12. Bd3 g6 13. Nh4 Rg8 14. e4 dxe4 15. Nxe4 Be7 16. Bxf6+ Nxf6 17. Qd2 Rg7 18. Ng5 Bd5 19. Rfe1 Nh7 20. Rxe7 Qxe7 21. f4 Re8 22. Kf2 Qf6 23. Ngf3 Nf8 24. Bc2 Ne6 25. Re1 Rd8 26. f5 g5 27. fxe6 gxh4 28. e7 Re8 29. Re5 Kg8 30. Qe3 Bxf3 31. gxf3 h3 32. Qe4 Qh6 33. f4 Qh4+ 34. Kf1 Qg4 35. Rg5 Qh4 36. Rxg7+ Kxg7 37. Qe5+ Qf6 38. f5 Rxe7 39. Qg3+ Kf8 40. Qxh3 Qxd4 41. Bb3 Qf4+ 42. Kg1 Re1+ 43. Kg2 Qd2+ 44. Kg3 Re3+ 45. Kg4 Qd4+ 46. Kg5 Rxh3 47. Bxf7 Rg3+ 48. hxg3 Qg7+ 49. Bg6 Qxb2 50. g4 Qd2+ 51. Kh5 Kg7 52. a4 Qh6# 0-1

[Event "4NCL Online Division 4"]
[Site "online"]
[Date "2021.09.21"]
[EventDate "2021.09.21"]
[Round "3.61"]
[White "Foster, Brian E"]
[WhiteElo "1574"]
[WhiteTeam "Uxbridge Cyclones"]
[Black "Bray, David"]
[BlackElo "2005"]
[BlackTeam "Braunstone 1"]
[Result "1/2-1/2"]
[PlyCount "73"]

1. d4 Nf6 2. c4 e6 3. Nc3 Bb4 4. Bd2 O-O 5. e3 d5 6. cxd5 exd5 7. Be2 c6 8. Nf3 Nbd7 9. O-O Re8 10. a3 Bd6 11. b4 b6 12. Rb1 Bb7 13. Bd3 Ne4 14. Qc2 Ndf6 15. Be1 Rc8 16. Nd2 Qe7 17. Rc1 c5 18. bxc5 bxc5 19. dxc5 Rxc5 20. Qb3 Rec8 21. Ndxe4 dxe4 22. Be2 Qe5 23. g3 Bd5 24. Qa4 Be6 25. Bd2 Rxc3 26. Rxc3 Rxc3 27. Bxc3 Qxc3 28. Qxa7 h6 29. a4 Bc5 30. Qb8+ Kh7 31. Qb1 Qd2 32. Qd1 Qb4 33. Bb5 Nd5 34. Qb1 Qxb1 35. Rxb1 f5 36. Bc6 Nb4 37. Bb5 1/2-1/2

[Event "4NCL Online Division 4"]
[Site "online"]
[Date "2021.09.21"]
[EventDate "2021.09.21"]
[Round "3.62"]
[White "Tang, Julian"]
[WhiteElo "1772"]
[WhiteTeam "Braunstone 1"]
[Black "Foale, Ron"]
[BlackElo "1505"]
[BlackTeam "Uxbridge Cyclones"]
[Result "1-0"]
[PlyCount "53"]

1. e4 e5 2. Nf3 Nc6 3. d4 exd4 4. Bc4 Bb4+ 5. c3 dxc3 6. O-O Nf6 7. bxc3 Be7 8. Re1 O-O 9. e5 Ne8 10. Nbd2 d5 11. Bd3 Be6 12. Qc2 h6 13. Nb3 a6 14. Bd2 Na7 15. Nbd4 c5 16. Nxe6 fxe6 17. Qc1 Nc6 18. Bg6 Rc8 19. Bxh6 gxh6 20. Qxh6 Rf7 21. Bxf7+ Kxf7 22. h4 Ng7 23. Ng5+ Bxg5 24. hxg5 Nf5 25. g6+ Ke7 26. Qh7+ Ke8 27. Qf7# 1-0

[Event "4NCL Online Division 4"]
[Site "online"]
[Date "2021.09.21"]
[EventDate "2021.09.21"]
[Round "3.63"]
[White "Nandi, Asoke K"]
[WhiteElo "1407"]
[WhiteTeam "Uxbridge Cyclones"]
[Black "Pyun, Lindsay"]
[BlackElo "1753"]
[BlackTeam "Braunstone 1"]
[Result "0-1"]
[PlyCount "120"]

1. e4 e5 2. Nf3 Nc6 3. d4 exd4 4. Nxd4 Bc5 5. c3 Nf6 6. Be3 Bxd4 7. Bxd4 Nxd4 8. Qxd4 d6 9. Bd3 O-O 10. O-O Nd7 11. Nd2 Nc5 12. Bc2 f5 13. b4 Nxe4 14. Nxe4 fxe4 15. Bxe4 c6 16. Qd3 Qh4 17. Qc2 d5 18. Bd3 g6 19. Rfe1 Bf5 20. Re3 Bxd3 21. Rxd3 Qe4 22. Qd2 Rae8 23. Re3 Qf4 24. Rae1 Re4 25. a3 Rfe8 26. g3 Qf5 27. Kg2 Rxe3 28. Rxe3 Re4 29. f3 Rxe3 30. Qxe3 a6 31. a4 Kf7 32. a5 Qc2+ 33. Kh3 Qf5+ 34. g4 Qf6 35. Kg3 g5 36. f4 Qd6 37. h3 h6 38. Kf3 Qf6 39. Qd4 Qd6 40. Qe3 Qf6 41. Kg3 Qd6 42. Qe5 Qxe5 43. fxe5 Ke6 44. h4 Kxe5 45. hxg5 hxg5 46. Kf3 d4 47. c4 d3 48. Ke3 d2 49. Kxd2 Kd4 50. Ke2 Kxc4 51. Ke3 Kxb4 52. Ke4 c5 53. Kf5 c4 54. Kxg5 c3 55. Kh5 c2 56. g5 c1=Q 57. g6 Qc8 58. g7 Qg8 59. Kh6 Kxa5 60. Kg6 b5 0-1

[Event "4NCL Online Division 4"]
[Site "online"]
[Date "2021.09.21"]
[EventDate "2021.09.21"]
[Round "3.64"]
[White "Mehta, Hatle"]
[WhiteElo "1193"]
[WhiteTeam "Braunstone 1"]
[Black "Hasan, Abu"]
[BlackElo "1402"]
[BlackTeam "Uxbridge Cyclones"]
[Result "1-0"]
[PlyCount "73"]

1. d4 Nf6 2. Bf4 e6 3. e3 Nd5 4. Nf3 Nxf4 5. exf4 Bb4+ 6. c3 Bd6 7. g3 O-O 8. Nbd2 a6 9. Bd3 f6 10. Qc2 f5 11. Ne5 Be7 12. g4 d6 13. Nec4 b5 14. Ne3 Bb7 15. Rg1 Kh8 16. gxf5 exf5 17. Nxf5 Bf6 18. O-O-O Nc6 19. Ne4 b4 20. Nxf6 gxf6 21. Ng7 Bc8 22. Bxh7 b3 23. axb3 a5 24. Bf5 Rg8 25. Ne6 Qe7 26. Rxg8+ Kxg8 27. Rg1+ Kh8 28. d5 a4 29. b4 a3 30. bxa3 Rxa3 31. Kb2 Ra6 32. dxc6 Bxe6 33. Bxe6 Qxe6 34. Qb3 Qe2+ 35. Kb1 Ra8 36. c4 Qxf2 37. Qh3+ 1-0

[Event "4NCL Online Division 4"]
[Site "online"]
[Date "2021.09.21"]
[EventDate "2021.09.21"]
[Round "3.71"]
[White "Buswell, A Mark"]
[WhiteElo "1761"]
[WhiteTeam "Hertford 2"]
[Black "Hart-Davis, Adam"]
[BlackElo "1701"]
[BlackTeam "Plymouth 2"]
[Result "1-0"]
[PlyCount "91"]

1. d4 d5 2. c4 c6 3. Nf3 Nf6 4. cxd5 cxd5 5. Nc3 e6 6. Bf4 Bd6 7. Bg3 O-O 8. e3 Nc6 9. Rc1 a6 10. Bd3 Nb4 11. Bb1 Qe7 12. Ne5 Bd7 13. Bh4 Nc6 14. f4 Qd8 15. Bxf6 gxf6 16. Qg4+ Kh8 17. Qh5 f5 18. Nxf7+ Rxf7 19. Qxf7 Be8 20. Qxe6 Bg6 21. O-O Ne7 22. Nxd5 Nxd5 23. Qxd5 Qf6 24. Qxb7 Rb8 25. Rc8+ Rxc8 26. Qxc8+ Kg7 27. Qxa6 Qe7 28. Qd3 Bb4 29. a3 Ba5 30. b4 Bb6 31. Rc1 Bc7 32. a4 Bd6 33. b5 Ba3 34. Rc6 Qb4 35. Qf1 Qxa4 36. Rc7+ Kh6 37. h3 Qa5 38. Rc6 Qb4 39. Bxf5 Qd2 40. Qf2 Qd1+ 41. Kh2 Qa4 42. Bxg6 hxg6 43. Qh4+ Kg7 44. Rc7+ Kg8 45. Qh7+ Kf8 46. Qf7# 1-0

[Event "4NCL Online Division 4"]
[Site "online"]
[Date "2021.09.21"]
[EventDate "2021.09.21"]
[Round "3.72"]
[White "Wilby, Robert G"]
[WhiteElo "1675"]
[WhiteTeam "Plymouth 2"]
[Black "Du Boulay, Andrew"]
[BlackElo "1748"]
[BlackTeam "Hertford 2"]
[Result "1/2-1/2"]
[PlyCount "197"]

1. d4 c6 2. e3 Nf6 3. Bd3 d5 4. f4 e6 5. Nf3 Nbd7 6. O-O Ne4 7. Ne5 c5 8. c3 Be7 9. Nd2 Nxd2 10. Bxd2 O-O 11. f5 Nxe5 12. dxe5 exf5 13. Bxf5 Bxf5 14. Rxf5 Qb6 15. Rb1 Qe6 16. Rh5 g6 17. Rh3 Qxe5 18. c4 d4 19. Qb3 dxe3 20. Bxe3 b6 21. Rf3 Bg5 22. Bf2 Rfe8 23. Re1 Qc7 24. Rd1 Rad8 25. Rf1 Rd7 26. Bg3 Qd8 27. Bf4 Bxf4 28. Rxf4 Ree7 29. Qf3 Qc8 30. Qh3 Qf8 31. R4f2 Rd4 32. b3 Rde4 33. Qf3 Re1 34. h3 Rxf1+ 35. Rxf1 Qe8 36. Rf2 Re1+ 37. Kh2 Re3 38. Qg4 Qe5+ 39. g3 f5 40. Qf4 Qxf4 41. gxf4 Kf7 42. Kg2 Ke7 43. Rd2 h6 44. h4 Re4 45. Kf3 g5 46. hxg5 hxg5 47. fxg5 Rd4 48. Rg2 Kf7 49. g6+ Kg7 50. Ke3 Re4+ 51. Kf3 Re6 52. Rg5 Re1 53. Kf2 Re7 54. Rxf5 Kxg6 55. Rf8 Kg5 56. Rg8+ Kf6 57. Rf8+ Kg5 58. Rg8+ Kf4 59. Rf8+ Ke4 60. Rd8 Rh7 61. Kg3 Rg7+ 62. Kf2 Rf7+ 63. Ke2 Rh7 64. Re8+ Kd4 65. Kf3 Kc3 66. Re3+ Kb4 67. Kg3 Rd7 68. Re2 Ka3 69. Kf2 Rd6 70. Ke1 a5 71. Re3 Kxa2 72. Ke2 Ka3 73. Ke1 Kb4 74. Ke2 a4 75. bxa4 Kxa4 76. Re4 Kb4 77. Ke3 Kc3 78. Ke2 Rd4 79. Re6 Kxc4 80. Rxb6 Kc3 81. Ra6 Kb3 82. Rb6+ Rb4 83. Rc6 c4 84. Kd2 Kb2 85. Rc8 Kb3 86. Rc5 Rb8 87. Rc6 Rb5 88. Rc7 Rd5+ 89. Kc1 c3 90. Rb7+ Kc4 91. Rc7+ Kd3 92. Rc6 Rd4 93. Rc5 Rc4 94. Rd5+ Ke4 95. Rd8 Ke3 96. Kc2 Rd4 97. Re8+ Re4 98. Rxe4+ Kxe4 99. Kxc3 1/2-1/2

[Event "4NCL Online Division 4"]
[Site "online"]
[Date "2021.09.21"]
[EventDate "2021.09.21"]
[Round "3.73"]
[White "Wooster, Nick"]
[WhiteElo "1643"]
[WhiteTeam "Hertford 2"]
[Black "Wood, Paul E"]
[BlackElo "1579"]
[BlackTeam "Plymouth 2"]
[Result "1/2-1/2"]
[PlyCount "124"]

1. d4 Nf6 2. c4 d6 3. Nc3 g6 4. e4 Bg7 5. f4 O-O 6. Nf3 c5 7. d5 Bg4 8. Be2 Nbd7 9. O-O a6 10. h3 Bxf3 11. Bxf3 e5 12. Qc2 Qe7 13. Bd2 exf4 14. Bxf4 Ne5 15. Qe2 Rae8 16. Rae1 Qc7 17. b3 Nfd7 18. Qd2 Nxf3+ 19. gxf3 Ne5 20. Bh6 Qd7 21. Bxg7 Kxg7 22. Qg2 Nd3 23. Rd1 Nf4 24. Qg4 Nxh3+ 25. Kh2 Qxg4 26. fxg4 Ng5 27. Rde1 Re5 28. Re3 h6 29. Kg3 f5 30. gxf5 gxf5 31. Rf4 fxe4 32. Rxf8 Kxf8 33. Kf4 Kg7 34. Ne2 Kf6 35. Ng3 Nh3+ 36. Kg4 Nf2+ 37. Kf4 Nd3+ 38. Kg4 Nf2+ 39. Kf4 Kg6 40. Ne2 h5 41. Rg3+ Kh6 42. Ke3 h4 43. Rg2 Nd3 44. Rg4 Kh5 45. Rxe4 Rxe4+ 46. Kxe4 Ne5 47. Kf5 b5 48. Ke6 bxc4 49. Kxd6 h3 50. Kxe5 Kg4 51. d6 h2 52. d7 h1=Q 53. d8=Q Qh2+ 54. Kd5 Qxe2 55. Qg8+ Kf3 56. Qf7+ Kg3 57. Qg6+ Kf2 58. Qf6+ Ke1 59. Qa1+ Qd1+ 60. Qxd1+ Kxd1 61. Kxc4 Kc2 62. Kxc5 Kb2 1/2-1/2

[Event "4NCL Online Division 4"]
[Site "online"]
[Date "2021.09.21"]
[EventDate "2021.09.21"]
[Round "3.74"]
[White "Wright, Andrew D"]
[WhiteElo "1467"]
[WhiteTeam "Plymouth 2"]
[Black "Marshall, Duncan"]
[BlackElo "1652"]
[BlackTeam "Hertford 2"]
[Result "1/2-1/2"]
[PlyCount "133"]

1. f4 c6 2. Nf3 d5 3. e3 Bg4 4. Be2 Nf6 5. h3 Bxf3 6. Bxf3 Nbd7 7. O-O e6 8. Qe1 Be7 9. b3 O-O 10. d3 h6 11. Bb2 Nh7 12. Nd2 Bf6 13. Bxf6 Ndxf6 14. e4 dxe4 15. dxe4 Qd4+ 16. Kh1 Rad8 17. e5 Qxd2 18. exf6 Qxe1 19. Rfxe1 Nxf6 20. Rad1 Rfe8 21. c4 Kf8 22. b4 Ke7 23. b5 Rxd1 24. Rxd1 cxb5 25. cxb5 b6 26. Rc1 Rd8 27. Rc7+ Rd7 28. Rc8 h5 29. Bc6 Rd1+ 30. Kh2 Nd5 31. Re8+ Kf6 32. Ra8 Nxf4 33. Rxa7 Rd2 34. Rb7 Nd5 35. Bxd5 exd5 36. Rxb6+ Ke5 37. a4 d4 38. a5 d3 39. a6 Ra2 40. Rb8 Ke6 41. Rb6+ Ke7 42. Rb7+ Ke8 43. a7 d2 44. Rb8+ Ke7 45. Rb7+ Kd8 46. Rb8+ Kc7 47. b6+ Kc6 48. Rd8 Kxb6 49. Rxd2 Rxa7 50. h4 Kc6 51. Rd8 Rd7 52. Rc8+ Kd6 53. Rc2 Ke6 54. Rf2 Rd4 55. g3 f6 56. Kh3 Kf7 57. Rf5 Kg6 58. Ra5 Rd3 59. Kg2 Re3 60. Kf2 Re5 61. Ra7 Re6 62. Kf3 f5 63. Ra4 Kf6 64. Kf4 g6 65. Rb4 Rc6 66. Rd4 Re6 67. Ra4 1/2-1/2

[Event "4NCL Online Division 4"]
[Site "online"]
[Date "2021.09.21"]
[EventDate "2021.09.21"]
[Round "3.81"]
[White "Siddle, Michael"]
[WhiteElo "1395"]
[WhiteTeam "Bishop Knights"]
[Black "Healey, Grant"]
[BlackElo "1778"]
[BlackTeam "Camborne Pendarves"]
[Result "0-1"]
[PlyCount "74"]

1. c4 d6 2. g3 g6 3. Bg2 Nd7 4. d4 Bg7 5. e3 c6 6. Nc3 e5 7. Nf3 Ne7 8. O-O O-O 9. dxe5 Nxe5 10. Nxe5 Bxe5 11. Rb1 Bf5 12. e4 Be6 13. b3 Bxc3 14. Qc2 Bg7 15. Bg5 f5 16. Rbd1 h6 17. Be3 Qc7 18. Bf4 Rad8 19. c5 Nc8 20. e5 d5 21. Qd2 Kh7 22. h4 Bxe5 23. Bxh6 Bg7 24. Bg5 Qf7 25. Bxd8 Rxd8 26. Qe2 Re8 27. Qc2 Ne7 28. Rfe1 Ng8 29. Kh2 Nf6 30. f3 Nh5 31. g4 fxg4 32. fxg4 Qf4+ 33. Kg1 Qxg4 34. Re5 Bxe5 35. Rf1 Bd4+ 36. Kh2 Qxh4+ 37. Bh3 Qxh3# 0-1

[Event "4NCL Online Division 4"]
[Site "online"]
[Date "2021.09.21"]
[EventDate "2021.09.21"]
[Round "3.82"]
[White "Robinson, Neil"]
[WhiteElo "1711"]
[WhiteTeam "Camborne Pendarves"]
[Black "Edmundson, Deborah"]
[BlackElo "1329"]
[BlackTeam "Bishop Knights"]
[Result "1-0"]
[PlyCount "121"]

1. d4 d5 2. c4 c5 3. e3 cxd4 4. exd4 Nc6 5. cxd5 Qxd5 6. Be3 e6 7. Nc3 Bb4 8. Nf3 Nf6 9. Bd2 Bxc3 10. bxc3 O-O 11. Bd3 e5 12. c4 Qd7 13. d5 e4 14. Bxe4 Nxe4 15. dxc6 Qxc6 16. Qc2 Qf6 17. O-O Bf5 18. Qb3 b6 19. Be3 Qg6 20. Nh4 Qg4 21. Nxf5 Qxf5 22. Rad1 Rac8 23. Qd3 Qg6 24. f3 Nc5 25. Qxg6 fxg6 26. Rfe1 Na4 27. Rd7 Rxc4 28. Bd4 Rfc8 29. Rxg7+ Kf8 30. Rxh7 R4c7 31. Rh8+ Kf7 32. Rh7+ Kf8 33. Rxc7 Rxc7 34. Re2 Nc5 35. Kf2 Kf7 36. Kg3 Ne6 37. Bb2 Rc4 38. Rd2 Nc5 39. Rd6 Ne6 40. Rd7+ Ke8 41. Rxa7 b5 42. Be5 Rc5 43. Bd6 Rg5+ 44. Kf2 Nd4 45. g3 Rf5 46. f4 Nc6 47. Rg7 Rf6 48. Bc5 Re6 49. Kf3 b4 50. Rb7 Rf6 51. Bxb4 Ne5+ 52. Ke4 Nd7 53. a4 Re6+ 54. Kd5 Ra6 55. a5 Nf6+ 56. Kd4 Ng4 57. Rb6 Ra7 58. Rxg6 Nxh2 59. Rh6 Nf3+ 60. Ke3 Ng1 61. Rh8+ 1-0

[Event "4NCL Online Division 4"]
[Site "online"]
[Date "2021.09.21"]
[EventDate "2021.09.21"]
[Round "3.83"]
[White "Burnett, John"]
[WhiteElo "1181"]
[WhiteTeam "Bishop Knights"]
[Black "Macphail, Kieran"]
[BlackElo "1675"]
[BlackTeam "Camborne Pendarves"]
[Result "0-1"]
[PlyCount "84"]

1. c4 e5 2. Nc3 Bb4 3. a3 Bxc3 4. dxc3 Nf6 5. e3 O-O 6. Be2 d6 7. h3 e4 8. f3 Re8 9. f4 a5 10. g3 Na6 11. Bg4 Nc5 12. Be2 a4 13. Rb1 h6 14. g4 Qe7 15. g5 hxg5 16. fxg5 Nh7 17. h4 Qe5 18. Nh3 Qg3+ 19. Nf2 Nf8 20. Kf1 Ng6 21. h5 Ne5 22. h6 g6 23. h7+ Kg7 24. Rg1 Bh3+ 25. Nxh3 Qxh3+ 26. Rg2 Nf3 27. Kf2 Qh4+ 28. Rg3 Re5 29. Bxf3 exf3 30. Kxf3 Rf5+ 31. Kg2 Qe4+ 32. Kh3 Qxb1 33. Qd4+ Kxh7 34. Qh4+ Kg8 35. Rg1 Qe4 36. Qxe4 Nxe4 37. Kh4 Raa5 38. Rg2 Rxg5 39. Rxg5 Rxg5 40. Bd2 Rh5+ 41. Kg4 Nxd2 42. c5 Rxc5 0-1

[Event "4NCL Online Division 4"]
[Site "online"]
[Date "2021.09.21"]
[EventDate "2021.09.21"]
[Round "3.84"]
[White "Rodrigo, Y Jan"]
[WhiteElo "1714"]
[WhiteTeam "Camborne Pendarves"]
[Black "Edmundson, Mark"]
[BlackElo "902"]
[BlackTeam "Bishop Knights"]
[Result "1-0"]
[PlyCount "91"]

1. d4 Nf6 2. Nc3 d5 3. Bf4 Bf5 4. f3 e6 5. g4 Bg6 6. h4 h5 7. g5 Nfd7 8. e3 Bb4 9. Bd3 Bxc3+ 10. bxc3 Nf8 11. Ne2 Nc6 12. Bg3 Qe7 13. Nf4 O-O-O 14. Bxg6 Nxg6 15. Nxg6 fxg6 16. Qd3 Qf7 17. Rf1 Qf5 18. Kd2 Qxd3+ 19. cxd3 Ne7 20. e4 Rhf8 21. Rf2 dxe4 22. dxe4 c5 23. Ke3 cxd4+ 24. cxd4 Nc6 25. Rc1 Kd7 26. d5 exd5 27. exd5 Ne7 28. Rc7+ Ke8 29. Re2 Kf7 30. Kf2 Rde8 31. d6 Kg8 32. Rexe7 Rxe7 33. dxe7 Re8 34. Rxb7 Kf7 35. Bd6 Ke6 36. Bb4 a5 37. Bxa5 Rxe7 38. Rxe7+ Kxe7 39. Bb4+ Ke6 40. Ke3 Kf5 41. Bf8 Ke6 42. Bxg7 Kd5 43. a4 Kc6 44. a5 Kb5 45. Bc3 Ka6 46. Ke4 1-0

[Event "4NCL Online Division 4"]
[Site "online"]
[Date "2021.09.21"]
[EventDate "2021.09.21"]
[Round "3.91"]
[White "Podlesak, Mark"]
[WhiteElo "1781"]
[WhiteTeam "Shropshire and Friends 4"]
[Black "Jones, Huw"]
[BlackElo "1617"]
[BlackTeam "Morriston Benko"]
[Result "1-0"]
[PlyCount "63"]

1. d4 d6 2. Nf3 Bg4 3. c4 Bxf3 4. gxf3 Nd7 5. Qb3 Rb8 6. e4 e5 7. Be3 b6 8. Nc3 c5 9. dxe5 dxe5 10. O-O-O Ngf6 11. Bh3 Qc7 12. Qa4 Be7 13. Rhg1 Rd8 14. Rxg7 h6 15. Nd5 Nxd5 16. cxd5 Bf6 17. Rgg1 b5 18. Qxb5 Rb8 19. Qxd7+ Qxd7 20. Bxd7+ Kxd7 21. Kb1 c4 22. Rc1 Rhc8 23. Bxa7 Rb7 24. Be3 c3 25. b3 Be7 26. Bxh6 Ba3 27. Rc2 Bb2 28. Bc1 Ra8 29. Bxb2 cxb2 30. Kxb2 Rba7 31. Kb1 Ra3 32. h4 1-0

[Event "4NCL Online Division 4"]
[Site "online"]
[Date "2021.09.21"]
[EventDate "2021.09.21"]
[Round "3.92"]
[White "Williams, Luke"]
[WhiteElo "1658"]
[WhiteTeam "Morriston Benko"]
[Black "Smith, Mark"]
[BlackElo "1753"]
[BlackTeam "Shropshire and Friends 4"]
[Result "1-0"]
[PlyCount "51"]

1. e4 e5 2. Nf3 Nc6 3. Bb5 a6 4. Ba4 Nf6 5. c3 Bc5 6. O-O Nxe4 7. d4 exd4 8. Re1 d5 9. cxd4 Bb4 10. Bd2 Bxd2 11. Nbxd2 O-O 12. Nxe4 dxe4 13. Rxe4 b5 14. Bb3 Na5 15. Bc2 Bf5 16. Re5 Bxc2 17. Qxc2 Nc4 18. Rc5 Rc8 19. b3 Na5 20. Rc1 c6 21. d5 Nb7 22. Rxc6 Rxc6 23. dxc6 Nd6 24. c7 Qa8 25. Qc6 Qxc6 26. Rxc6 1-0

[Event "4NCL Online Division 4"]
[Site "online"]
[Date "2021.09.21"]
[EventDate "2021.09.21"]
[Round "3.93"]
[White "Penny, Liam"]
[WhiteElo "1731"]
[WhiteTeam "Shropshire and Friends 4"]
[Black "Tonks, Brian"]
[BlackElo "1380"]
[BlackTeam "Morriston Benko"]
[Result "1-0"]
[PlyCount "63"]

1. d4 d5 2. Bf4 e6 3. Nc3 Nf6 4. e3 Bd6 5. Nf3 Nh5 6. Bxd6 Qxd6 7. Ne5 Nf6 8. f4 Nc6 9. a3 b6 10. Nxc6 O-O 11. Ne5 c5 12. Qf3 a6 13. g4 Bb7 14. Bd3 Rad8 15. Rd1 c4 16. Be2 b5 17. g5 Nd7 18. Rg1 Qe7 19. Kf2 f6 20. gxf6 Qxf6 21. Rg4 Qh6 22. Rdg1 Nxe5 23. Rxg7+ Kh8 24. dxe5 Ba8 25. Qh5 Qxh5 26. Bxh5 d4 27. Ne2 d3 28. cxd3 cxd3 29. Nd4 Be4 30. Nxe6 d2 31. Nxf8 d1=Q 32. Rg8# 1-0

[Event "4NCL Online Division 4"]
[Site "online"]
[Date "2021.09.21"]
[EventDate "2021.09.21"]
[Round "3.101"]
[White "Phillips, David"]
[WhiteElo "1376"]
[WhiteTeam "MK Phoenix 3"]
[Black "Morgan, Philip D"]
[BlackElo "1786"]
[BlackTeam "Ashfield Anonymous C"]
[Result "0-1"]
[PlyCount "84"]

1. d4 d5 2. Nf3 Nf6 3. Bf4 e6 4. Nbd2 Bd6 5. e3 O-O 6. Be2 b6 7. O-O Bb7 8. c4 Bxf4 9. exf4 Nbd7 10. Qc2 c5 11. b3 Rc8 12. Rfe1 cxd4 13. Nxd4 a6 14. Bf3 Nc5 15. Qb2 Nd3 16. Qc3 Nxe1 17. Rxe1 Qd7 18. Qd3 dxc4 19. Nxc4 Bxf3 20. Ne5 Qb7 21. Ndxf3 Rfd8 22. Qe3 h6 23. h3 Rc5 24. Kh2 Qc7 25. Nc4 Nd5 26. Qe5 b5 27. Qxc7 Rxc7 28. Ne3 Nxf4 29. Rd1 Rxd1 30. Nxd1 Rc2 31. a4 bxa4 32. bxa4 Ra2 33. Nd4 Rxa4 34. Nc6 Nd5 35. Nb2 Ra2 36. Nd3 a5 37. Nce5 a4 38. Kg3 f6 39. Nc4 Rc2 40. Ncb2 a3 41. Na4 a2 42. Nb4 Nxb4 0-1

[Event "4NCL Online Division 4"]
[Site "online"]
[Date "2021.09.21"]
[EventDate "2021.09.21"]
[Round "3.102"]
[White "Pettinger, Martin"]
[WhiteElo "1759"]
[WhiteTeam "Ashfield Anonymous C"]
[Black "Cox, Lucian"]
[BlackElo "1362"]
[BlackTeam "MK Phoenix 3"]
[Result "1-0"]
[PlyCount "71"]

1. e4 c5 2. Nc3 Nc6 3. g3 g6 4. Bg2 Bg7 5. d3 e6 6. Be3 Nd4 7. Qd2 Nf6 8. h3 O-O 9. Nd1 d5 10. c3 Nc6 11. Bxc5 Re8 12. Ne2 dxe4 13. dxe4 Qxd2+ 14. Kxd2 Ne5 15. b3 Rd8+ 16. Kc2 Bd7 17. f4 Nc6 18. e5 Ne8 19. Nf2 Nc7 20. Ne4 Na6 21. Be3 Rac8 22. Kb2 Be8 23. Nd6 Rc7 24. Rhd1 Rcd7 25. Nd4 Nxd4 26. Bxd4 b6 27. Nxe8 Rxe8 28. Bc6 Red8 29. Bxd7 Rxd7 30. Be3 Rc7 31. Rd8+ Bf8 32. f5 Kg7 33. f6+ Kg8 34. Bh6 Rc8 35. Rxc8 Nc7 36. Rxf8# 1-0

[Event "4NCL Online Division 4"]
[Site "online"]
[Date "2021.09.21"]
[EventDate "2021.09.21"]
[Round "3.103"]
[White "Tierney, John"]
[WhiteElo "1167"]
[WhiteTeam "MK Phoenix 3"]
[Black "Graham, Neil"]
[BlackElo "1755"]
[BlackTeam "Ashfield Anonymous C"]
[Result "0-1"]
[PlyCount "62"]

1. e4 e5 2. Nf3 Nf6 3. Bc4 Nc6 4. d3 Be7 5. Bg5 O-O 6. O-O h6 7. Be3 d6 8. h3 Na5 9. Nc3 Nxc4 10. dxc4 Be6 11. a4 Bxc4 12. Re1 Be6 13. a5 Nh7 14. Nd5 f5 15. Nxe7+ Qxe7 16. Nh4 Qxh4 17. Rf1 f4 18. Qf3 fxe3 19. Qxe3 Ng5 20. Qg3 Qxg3 21. fxg3 Nxe4 22. Rxf8+ Rxf8 23. Kh2 Rf2 24. b4 Bd5 25. b5 Nd2 26. Kg1 Rxg2+ 27. Kh1 Rxg3+ 28. Kh2 Rg2+ 29. Kh1 Nc4 30. a6 b6 31. Rd1 Rd2+ 0-1